00349nam a2200133Ia 4500008004100000041000800041082001300049100002600062245003700088260005200125300001400177365001000191650001400201210719s1967 xx 000 0 und d aeng a540 GEOH aGEORGE (M V) & others aHandbook of chemistry & physics. aN DbAffiliated East-West Prees Pvt. Ltd.c1967 ax,364bPB b8cRs aChemistry